Alle deutschen Städte mit R - Statistiken

Allgemein
  • Dieses Quiz wurde 1.689 mal gespielt
  • Das Durchschnittsergebnis liegt bei 41 aus 110
Antwortstatistiken
Einwohner Stadt BL % Korrekt
10.888 Regen BY
97%
152.270 Regensburg BY
96%
209.061 Rostock MV
96%
110.705 Recklinghausen NW
88%
116.031 Reutlingen BW
88%
63.591 Rosenheim BY
84%
50.776 Ravensburg BW
83%
111.516 Remscheid NW
82%
50.165 Rastatt BW
79%
25.232 Roth BY
79%
65.972 Rüsselsheim am Main HE
76%
86.899 Ratingen NW
74%
76.123 Rheine NW
72%
28.705 Rendsburg SH
69%
24.975 Rottweil BW
68%
29.256 Riesa SN
67%
33.843 Radebeul SN
63%
14.517 Ratzeburg SH
63%
25.487 Rinteln NI
63%
11.273 Rothenburg ob der Tauber BY
63%
9.970 Rüdesheim am Rhein HE
62%
48.672 Rheda-Wiedenbrück NW
61%
17.156 Remagen RP
59%
30.933 Rheinberg NW
57%
46.005 Rodgau HE
57%
22.072 Rotenburg (Wümme) NI
57%
24.672 Rudolstadt TH
56%
31.530 Radolfzell am Bodensee BW
52%
32.919 Rheinfelden (Baden) BW
50%
18.597 Radeberg SN
49%
26.949 Rheinbach NW
49%
28.344 Rödermark HE
49%
13.959 Rotenburg an der Fulda HE
48%
43.756 Rottenburg am Neckar BW
47%
21.963 Radevormwald NW
45%
24.179 Rathenow BB
45%
28.250 Reinbek SH
45%
28.759 Rösrath NW
45%
29.432 Rietberg NW
43%
15.269 Ribnitz-Damgarten MV
42%
7.948 Rheinsberg BB
41%
26.508 Remseck am Neckar BW
40%
4.953 Ronneburg TH
39%
9.042 Reinfeld (Holstein) SH
38%
19.319 Rhede NW
38%
15.404 Rahden NW
37%
7.981 Ramstein-Miesenbach RP
37%
8.455 Rottenburg an der Laaber BY
37%
24.403 Ronnenberg NI
36%
16.096 Raunheim HE
35%
21.030 Rees NW
35%
7.268 Radeburg SN
34%
12.863 Rosbach vor der Höhe HE
34%
9.351 Runkel HE
34%
24.004 Riedstadt HE
31%
10.565 Rüthen NW
31%
20.198 Reichenbach im Vogtland SN
28%
2.169 Rerik MV
28%
16.426 Reinheim HE
27%
8.931 Raguhn-Jeßnitz ST
26%
8.752 Rauenberg BW
26%
10.179 Rehburg-Loccum NI
26%
11.322 Rheinau BW
26%
20.178 Rheinstetten BW
26%
2.676 Romrod HE
26%
9.319 Rehau BY
25%
12.296 Roding BY
25%
6.681 Rodalben RP
23%
4.405 Rothenburg/Oberlausitz SN
23%
4.374 Rennerod RP
22%
10.670 Riedlingen BW
22%
5.406 Ruhla TH
22%
10.875 Rutesheim BW
22%
9.002 Rain BY
21%
6.826 Reichelsheim (Wetterau) HE
21%
7.387 Renchen BW
21%
7.410 Roßwein SN
21%
2.158 Rosenthal HE
20%
7.344 Roßleben-Wiehe TH
20%
2.297 Rethem (Aller) NI
19%
4.103 Rheinböllen RP
19%
1.657 Ranis TH
18%
4.410 Rauschenberg HE
18%
4.915 Reichenbach/Oberlausitz SN
18%
5.373 Rockenhausen RP
18%
6.747 Römhild TH
18%
4.400 Rabenau SN
17%
7.860 Ransbach-Baumbach RP
16%
2.982 Rhens RP
16%
6.383 Rosenfeld BW
16%
18.535 Renningen BW
13%
4.999 Röbel/Müritz MV
13%
5.658 Rochlitz SN
13%
12.370 Röthenbach an der Pegnitz BY
12%
6.568 Rodenberg NI
11%
1.001 Rothenfels BY
10%
3.357 Rötz BY
10%
1.596 Rhinow BB
9%
3.739 Ruhland BB
9%
13.082 Rödental BY
8%
6.361 Rodewisch SN
8%
6.142 Rötha SN
8%
1.652 Röttingen BY
8%
2.493 Rastenberg TH
7%
3.592 Rehna MV
6%
1.331 Richtenberg MV
6%
6.119 Riedenburg BY
6%
1.914 Rieneck BY
6%
2.938 Ravenstein BW
5%
3.821 Regis-Breitingen SN
5%
Keine übereinstimmenden Quizze gefunden
Verteilung der Resultate
Anzahl Personen mit jedem Resultat
Perzentil nach korrekt beantworteten Fragen
Ihre Resultats-Entwicklung
Sie haben dieses Quiz noch nicht gespielt